000 00545nam a2200205 a 4500
005 20140310183159.0
008 021115s19uu xx 00 eng d
020 _a9812405814
050 _aQA 76.73.S67
_b.P73 2001
100 _aPratt, Philip J.
245 _aA guide to SQL /
_cPhilip J. Pratt.
250 _a5th
260 _aAustralia :
_bThomson Learning,
_c2001.
300 _a260 p. :
_bill. ;
_c24 cm.
521 _aIT
546 _aC0387
546 _aC1326
650 _aSQL ( computer program language )
942 _cBK
_2lcc
_kFOR
999 _c19830
_d19830